| 000 | 00479nam a2200169Ia 4500 | ||
|---|---|---|---|
| 005 | 20250923144858.0 | ||
| 008 | 008 250917s9999 xx 000 0 eng d | ||
| 037 | _aTextual | ||
| 040 |
_aDSWL _beng _cDSWL |
||
| 041 |
_aeng _2eng |
||
| 084 |
_aY1:411z7, K3 _qDSWL |
||
| 245 | 0 |
_aAlcohol and Civilization _cEd. by Salvatore Lucia |
|
| 260 |
_aNew York _bMcGraw Hil Book _c1963 |
||
| 300 | _axv,416p. | ||
| 942 |
_cTEXL _hY1:411z7, K3 |
||
| 999 |
_c1444495 _d1444495 |
||